01306nam a2200337 i 450000100060000000300100000600500170001600700030003300800410003602000180007704000350009504100080013008200230013810000300016124502190019125000220041026400490043230000480048133600270052933700330055633800280058950000240061752100530064165000540069465000410074865000540078970000230084370000390086670000410090570000220094657223CO-BoRNBP20250605153456.0ta210713s2016 sp a jrd 000 0 spa d a9788494495991 aCO-BoRNBPbspaerdacCO-BoRNBP0 aspa04aR 792.03bH25t2221 aHenriques, Ricardoeautor10aTeatrobactividarioctexto de Ricardo Henriques e ilustraciones de André Letria ; traducción y adaptación Beatriz Peña Trujillo ; textos adicionales para esta edición: Mercedes Palomar y Pablo Larraguibel aPrimera edición 1aBarcelona, EspañabEdiciones Ekaréc2016 a73 páginasbilustraciones a colorc33 cm. atextobtxt2rdacontent asin mediaciónbn2rdamedia avolumenbnc2rdacarrier aIncluye actividario aRecomendado para un público mayor de 15 años00aDestreza escénicavDiccionarios juveniles2LEMB04aTeatrovDiccionarios juveniles2LEMB00aActuación teatralvDiccionarios juveniles2LEMB1 aLarraguibel, Pablo1 aLetria, Andréd1973-eilustrador1 aPeña Trujillo, Beatrizetraductora1 aPalomar, Mercedes